000 02561cam a22006734i 4500
003 PE-LiUPU
005 20250731170447.0
008 150706s2005 cl a r 000 0 spa d
020 _a9561408260
020 _a9789561408265
035 _a(Sirsi) i9789561408265
040 _aPE-LiUPU
_bspa
_cPE-LiUPU
_dPE-LiUPU
_erda
049 _aPRUA
082 0 4 _a155.4
_bL69
_221
100 1 _aLira L. María Isabel,
_eautor.
245 1 0 _aAutorreporte del bienestar socioemocional para niños/as de prekinder a 2º básico /
_cMaría Esabel Lira L., Marta Edwards G., Marta Hurtado E., Ximena Siguel R.
264 1 _aChile :
_bEds. Universidad Católica de Chile,
_c2005 .
300 _a80 páginas :
_bilustraciones ;
_c20 centímetros.
336 _atext
_2rdacontent
337 _aunmediated
_2rdamedia
338 _avolume
_2rdacarrier
490 0 _aAprendizaje
505 0 _aAntecedentes teóricos -- Características del bienestar socioemocional del niño -- Proceso de elaboración -- Manual de administración preescolar -- Manual de administración escolares -- Cuadernillos: Autoreporte del bienestar socioemocional del niño y la niña en prekinder y kínder. Autoreporte del bienestar socioemocional del niño y la niña en 1o. y 2o. básico.
526 _aSEG68
526 _aSEG70
526 _aSEG69
526 _aSEG67
526 _aSEG43
526 _aP144
526 _aP143
526 _aP131
526 _aP122
526 _aP120
526 _aP117
526 _aP112
526 _aP110
526 _aP106
526 _aP101
526 _aP80
526 _aP59
526 _aP54
526 _aP35
526 _aP33
526 _aP30
541 _g001-0030831;
650 1 4 _aEmociones en niños.
650 2 4 _aNiños
_xHabilidades sociales.
650 2 4 _aNiños
_xDesarrollo.
650 2 4 _aEmociones.
700 1 _aEdwards G., Marta,
_eautor.
700 1 _aHurtado E. Marte,
_eautor.
700 1 _aSeguel R., Ximena,
_eautor.
910 _agl
_bjv
_cng
_d20091203
942 _2ddc
_cBOOK
949 _a155.4 L69
_wDEWEY
_c1
_i60754
_d2016-8-23
_e2016-8-23
_lCCODEBUL1
_mBUL
_n1
_p24.00
_r0
_sY
_tBOOK
_u2015-7-6
_xSALUD
_PP33
_0COMPRA
_o.STAFF. Colección Ciencias de la Salud
994 _aC0
_bPEPRU
596 _a1
999 _a155.4 L69
_wDEWEY
_c50137
_i60754
_d50137
_e2018-4-2
_f2021-11-3
_g6
_lCCODEBUL1
_mBUL
_n3
_p24.00
_q2
_r0
_sY
_tBOOK
_u2015-7-6
_xSALUD
_zP33
_0COMPRA
_o.STAFF. Colección Ciencias de la Salud
980 _81
_gALBERTO SANCHEZ Responsable de Automatización